| 000 | 01047nam a2200205 a 4500 | ||
|---|---|---|---|
| 008 | 120416s1987 ||||||||||||||||| || u | ||
| 050 | _aHD 31 Gra | ||
| 100 | _aPenney, George | ||
| 245 | 1 | 0 |
_aBusiness organization _cedited by George Penney |
| 260 |
_aManchester _bNCC Publication _c1987 |
||
| 300 | _a311p. : ill | ||
| 350 | _a0.00 | ||
| 650 | _aBUSINESS ORGANIZATION | ||
| 650 | 0 | _aBUSINESS | |
| 700 | _aGray, John | ||
| 995 |
_aMAIN LIBRARY OPEN ACCESS _D0.00 _e721138 _FCBU-MAIN LIBRARY (Kitwe) _H1 _I9.50 _jHD 31 Gra _M1 _UAVAILABLE _y000491 _ZMain Library Open Access Collection |
||
| 995 |
_aMAIN LIBRARY OPEN ACCESS _D0.00 _e721136 _FCBU-MAIN LIBRARY (Kitwe) _H3 _I9.50 _jHD 31 Gra _M3 _ULOST _y721136 _ZMain Library Open Access Collection |
||
| 995 |
_aMAIN LIBRARY OPEN ACCESS _D0.00 _e721137 _FCBU-MAIN LIBRARY (Kitwe) _H4 _I9.50 _jHD 31 Gra _M4 _ULOST _y721137 _ZMain Library Open Access Collection |
||
| 995 |
_aMAIN LIBRARY OPEN ACCESS _D0.00 _e721135 _FCBU-MAIN LIBRARY (Kitwe) _H2 _I9.50 _jHD 31 Gra _M2 _UAVAILABLE _y019032 _ZMain Library Open Access Collection |
||
| 999 |
_c77932 _d77932 |
||